El vicariato castrense de Chile: Génesis histórica y canónica de su establecimiento. De la Independencia al conflicto eclesiástico de Tacna. 1810-1915, estudio documental

Uloženo v:
Podrobná bibliografie
Hlavní autor: González Errázuriz, Juan Ignacio (Autor)
Médium: Kniha
Jazyk:španělština
Vydáno: Santiago Universidad de los Andes 1996
Edice:Colección Jurídica
Témata:
Tagy: Přidat tag
Žádné tagy, Buďte první, kdo vytvoří štítek k tomuto záznamu!

MARC

LEADER 00000nam a2200000 a 4500
001 UCM9303
003 CL-VaPUC
008 030417e19960000CL |||||||||||||||||spa|d
082 0 4 |a 278.3081  |b GON  |2 21 
100 |a González Errázuriz, Juan Ignacio  |e author  |9 600969 
245 1 3 |a El vicariato castrense de Chile: Génesis histórica y canónica de su establecimiento. De la Independencia al conflicto eclesiástico de Tacna. 1810-1915, estudio documental 
300 |a 279 p 
942 |c BK 
945 |d 20030417 00:00:00  |a cmena 
260 |a Santiago  |b Universidad de los Andes  |c 1996 
650 0 |a Iglesia y Estado  |9 254995 
650 7 |a DERECHO CANONICO  |2 CL-VaPUC  |9 475763 
650 0 |a Historia de la iglesia   |9 257565 
650 0 |a Iglesia Católica  |9 256114 
651 7 |a CHILE  |2 CL-VaPUC  |9 475764 
583 |a last modification  |c 20030417 00:00:00  |k Rodrigo Vera 
490 0 |a Colección Jurídica 
999 |c 303624  |d 303622 
952 |0 0  |1 0  |4 0  |6 278_308100000000000_GON_1996  |7 0  |8 DER_HDC  |9 365086  |a BIBDER  |b BIBDER  |d 2019-11-21  |i 3897451  |l 2  |m 1  |o 278.3081 GON 1996  |p 3897451  |r 2023-01-25  |s 2021-11-05  |w 2019-11-21  |x Ubicación 4to Piso  |y BK  |z Estos recursos deben solicitarse con anticipación  |k DER